Η πολιτική συνοχής της Ευρωπαϊκής ένωσης : η εξέλιξη της στις μεγάλες στιγμές της ευρωπαϊκής ενοποίησης

Αποθηκεύτηκε σε:
Λεπτομέρειες βιβλιογραφικής εγγραφής
Κύριος συγγραφέας: Κρητικός, Αλέκος
Μορφή: Βιβλίο
Γλώσσα:Greek
Δημοσίευση: Αθήνα: Επίμετρο, 2021.
Θέματα:
Ετικέτες: Προσθήκη ετικέτας
Δεν υπάρχουν, Καταχωρήστε ετικέτα πρώτοι!

MARC

LEADER 00000nam a2200000 a 4500
001 1/125853
008 230112s2021####gr | ||| |||| ||gre||
020 |a 9786188476271 
040 |a GR-MyUa  |b gre  |c GR-MyUa  |e AACR2 
041 0 |a gre 
082 7 |a 337.142   |2 (23)  
100 1 |a Κρητικός, Αλέκος. 
245 1 2 |a Η πολιτική συνοχής της Ευρωπαϊκής ένωσης :   |b η εξέλιξη της στις μεγάλες στιγμές της ευρωπαϊκής ενοποίησης /  |c Αλέκος Κρητικός.  
260 |a Αθήνα:   |b Επίμετρο,  |c 2021.  
300 |a 248 σ. ;   |c 25 εκ.  
504 |a Περιέχει βιβλιογραφικές παραπομπές. 
651 0 |a European Union countries. 
651 0 |a European Union countries  |x Foreign relations  |z Greece. 
651 0 |a Greece  |x Commerce  |z European Economic Community countries. 
651 0 |a European Union countries  |x Social policy. 
970 |a Σιδερή  |b Νεκταρία  |z 2023-01-12